Statistics for WWE Superstars

Click here to take the quiz!

General Stats

  • This quiz has been taken 23 times
  • The average score is 12 of 15

Answer Stats

HintAnswer% Correct
You cant see himJohn cena
100%
The big red machineKane
100%
The gameTriple H
95%
The AnimalBatista
91%
Won a gold medalKurt Angle
91%
The viperRandy Orton
91%
WOOOOORic Flair
91%
If you SmellThe Rock
86%
Heartbreak KidShawn Michaels
82%
The tribal chiefRoman Reigns
77%
Burn it downSeth Rollins
73%
Real AmericanHulk Hogan
64%
BROOOOMatt Riddle
59%
Show-OffDolph Ziggler
55%
The MonsterBraun Strowman
45%

Score Distribution

Percentile by Number Answered

Percent of People with Each Score

Your Score History

You have not taken this quiz